000 00385 a2200145 4500
001 166581
020 _a
040 _cMagnum
100 _aBernstein, Basil
240 1 0 _aA estruturacao do discurso pedagogico: classe, codigos e controle
_lpor
245 1 0 _aA estruturacao do discurso pedagogico: classe, codigos e controle
362 0 _a1899
697 _aPEDAGOGIA
942 _cBK
999 _c166581
_d166581